[Event "Chigorin Memorial 2008"]
[Site "St. Petersburg RUS"]
[Date "2008.10.04"]
[Round "1.40"]
[White "Zakharov, Yuri"]
[Black "Solovjov, Sergey I"]
[Result "0-1"]
[WhiteElo "2056"]
[BlackElo "2419"]
[PlyCount "54"]
[EventDate "2008.10.03"]
[EventType "swiss"]
[EventRounds "9"]
[EventCountry "RUS"]
[Source "lmi"]
[SourceDate "2008.10.03"]

1. Nf3 g6 2. g3 Bg7 3. Bg2 e5 4. e4 Nc6 5. O-O h5 6. c3 d6 7. d3 Be6 8. Ng5 Bd7
9. Be3 h4 10. a4 Nh6 11. b4 Ng4 12. Nf3 Nxe3 13. fxe3 hxg3 14. hxg3 Bh6 15. Qe1
Bg4 16. b5 Ne7 17. Nbd2 Qd7 18. Bh1 O-O-O 19. Nh2 Be6 20. d4 d5 21. Ndf3 f6 22.
Nd2 dxe4 23. Nxe4 Bd5 24. Nxf6 Qh3 25. Nfg4 Nf5 26. Bxd5 Bxe3+ 27. Qxe3 Nxe3
0-1

[Event "Chigorin Memorial 2008"]
[Site "St. Petersburg RUS"]
[Date "2008.10.04"]
[Round "1.42"]
[White "Chernov, Vladimir E"]
[Black "Eliseev, Alexei"]
[Result "0-1"]
[WhiteElo "2040"]
[BlackElo "2395"]
[PlyCount "68"]
[EventDate "2008.10.03"]
[EventType "swiss"]
[EventRounds "9"]
[EventCountry "RUS"]
[Source "lmi"]
[SourceDate "2008.10.03"]

1. c4 g6 2. e4 Bg7 3. d4 Nc6 4. Be3 d6 5. Be2 e5 6. d5 Nd4 7. Nf3 Nxe2 8. Qxe2
Nh6 9. Nc3 O-O 10. Qd2 Ng4 11. Bg5 f6 12. Bh4 Bd7 13. h3 Nh6 14. O-O-O a6 15.
Kb1 Nf7 16. Qd3 Qb8 17. g4 b5 18. Ka1 b4 19. Ne2 c5 20. Nd2 Qd8 21. f3 Bh6 22.
Bg3 Qe7 23. h4 Kg7 24. Rh2 a5 25. Rdh1 Rh8 26. h5 a4 27. hxg6 hxg6 28. Nf1 a3
29. b3 Rag8 30. Ne3 Kf8 31. f4 exf4 32. Rxh6 Qe5+ 33. Nd4 Rxh6 34. Rxh6 Nxh6
0-1

[Event "Chigorin Memorial 2008"]
[Site "St. Petersburg RUS"]
[Date "2008.10.04"]
[Round "1.43"]
[White "Gorovykh, Eduard"]
[Black "Orlov, Anatoly"]
[Result "1-0"]
[WhiteElo "2390"]
[BlackElo "2037"]
[PlyCount "67"]
[EventDate "2008.10.03"]
[EventType "swiss"]
[EventRounds "9"]
[EventCountry "RUS"]
[Source "lmi"]
[SourceDate "2008.10.03"]

1. e4 c6 2. d4 d5 3. Nd2 g6 4. e5 Bg7 5. Bd3 Nh6 6. Ne2 Bf5 7. Nf3 Bxd3 8. Qxd3
e6 9. O-O Nf5 10. Bg5 Ne7 11. b4 h6 12. Bf4 Nf5 13. a4 Nd7 14. a5 Nh4 15. Nd2
g5 16. Be3 Nf5 17. f4 Nxe3 18. Qxe3 Qe7 19. c3 f5 20. exf6 Bxf6 21. Rae1 O-O-O
22. Nf3 Rde8 23. Ne5 Qg7 24. a6 Bd8 25. axb7+ Kxb7 26. Nd3 gxf4 27. Nexf4 e5
28. dxe5 Rxe5 29. Qh3 Re4 30. Rxe4 dxe4 31. Nc5+ Kc8 32. Rd1 Bb6 33. Rxd7 Bxc5+
34. Rd4+ 1-0

[Event "Chigorin Memorial 2008"]
[Site "St. Petersburg RUS"]
[Date "2008.10.04"]
[Round "1.44"]
[White "Dushin, Nikolay"]
[Black "Bodnaruk, Anastasia"]
[Result "1-0"]
[WhiteElo "2026"]
[BlackElo "2381"]
[PlyCount "85"]
[EventDate "2008.10.03"]
[EventType "swiss"]
[EventRounds "9"]
[EventCountry "RUS"]
[Source "lmi"]
[SourceDate "2008.10.03"]

1. d4 Nf6 2. c4 g6 3. Nc3 Bg7 4. e4 d6 5. f3 O-O 6. Be3 Nbd7 7. Nh3 c5 8. d5 a6
9. a4 Ne5 10. Nf2 e6 11. Be2 exd5 12. cxd5 Rb8 13. O-O Qc7 14. f4 Ned7 15. g4
Ne8 16. g5 f6 17. h4 c4 18. Ng4 b5 19. axb5 axb5 20. Ra7 Qd8 21. Bd4 Qe7 22.
gxf6 Nexf6 23. Nxf6+ Bxf6 24. Bg4 b4 25. Be6+ Kh8 26. Ne2 Rb7 27. Rxb7 Bxb7 28.
Bxf6+ Nxf6 29. Qd4 Ra8 30. e5 Nh5 31. exd6+ Qf6 32. f5 Qxd4+ 33. Nxd4 Ng3 34.
Rc1 Ne4 35. d7 c3 36. bxc3 Nxc3 37. f6 Rd8 38. Rf1 Rf8 39. Nc6 Bxc6 40. dxc6
Nb5 41. Bc4 Nc7 42. Re1 h6 43. Re8 1-0

[Event "Chigorin Memorial 2008"]
[Site "St. Petersburg RUS"]
[Date "2008.10.04"]
[Round "1.45"]
[White "Serov, Maksim"]
[Black "Kozlov, Mikhail"]
[Result "1-0"]
[WhiteElo "2378"]
[BlackElo "2025"]
[PlyCount "39"]
[EventDate "2008.10.03"]
[EventType "swiss"]
[EventRounds "9"]
[EventCountry "RUS"]
[Source "lmi"]
[SourceDate "2008.10.03"]

1. Nf3 Nf6 2. d4 d5 3. c4 dxc4 4. e3 Be6 5. Nc3 Bd5 6. Ne5 e6 7. f3 Nh5 8. Qa4+
Nc6 9. e4 Qh4+ 10. g3 Nxg3 11. hxg3 Qxg3+ 12. Ke2 b5 13. Nxb5 Nxe5 14. dxe5 Bc5
15. Be3 Bxe3 16. Kxe3 O-O 17. exd5 exd5 18. Qc2 f5 19. Qh2 f4+ 20. Kd2 1-0

[Event "Chigorin Memorial 2008"]
[Site "St. Petersburg RUS"]
[Date "2008.10.04"]
[Round "1.46"]
[White "Bagrunov, Vladimir"]
[Black "Pankov, German"]
[Result "0-1"]
[WhiteElo "2020"]
[BlackElo "2375"]
[PlyCount "48"]
[EventDate "2008.10.03"]
[EventType "swiss"]
[EventRounds "9"]
[EventCountry "RUS"]
[Source "lmi"]
[SourceDate "2008.10.03"]

1. e4 c5 2. Nc3 Nc6 3. g3 g6 4. Bg2 Bg7 5. Nge2 d6 6. O-O e6 7. d3 Nge7 8. f4
O-O 9. g4 f5 10. h3 Rb8 11. Qe1 b5 12. Be3 Nd4 13. Bxd4 cxd4 14. Nb1 Qc7 15.
Qd1 e5 16. gxf5 gxf5 17. Nd2 Ng6 18. fxe5 dxe5 19. exf5 Bxf5 20. Rf2 Bh6 21.
Nf1 Be6 22. Rxf8+ Rxf8 23. Qe1 Qxc2 24. Nxd4 Qc5 0-1

[Event "Chigorin Memorial 2008"]
[Site "St. Petersburg RUS"]
[Date "2008.10.04"]
[Round "1.47"]
[White "Khuseinkhodzhaev, Muhammad"]
[Black "Obrezchikov, Mikhail"]
[Result "1-0"]
[WhiteElo "2375"]
[BlackElo "1986"]
[PlyCount "97"]
[EventDate "2008.10.03"]
[EventType "swiss"]
[EventRounds "9"]
[EventCountry "RUS"]
[Source "lmi"]
[SourceDate "2008.10.03"]

1. d4 Nf6 2. Nf3 e6 3. c4 d5 4. Nc3 Bb4 5. a3 Bxc3+ 6. bxc3 O-O 7. e3 c5 8. Bd3
Nbd7 9. O-O Qc7 10. Qe2 b6 11. cxd5 exd5 12. Bb2 c4 13. Bc2 Re8 14. Nd2 Bb7 15.
f3 b5 16. e4 Nf8 17. e5 Bc8 18. Qf2 Nh5 19. f4 f5 20. Bd1 g6 21. Bxh5 gxh5 22.
Qh4 Qg7 23. Qxh5 Re6 24. a4 Bd7 25. axb5 Bxb5 26. Ba3 Rg6 27. Qe2 Ne6 28. Rf3
Kh8 29. Nf1 Rg8 30. Ne3 Qf7 31. Qc2 Ng7 32. Bd6 h6 33. e6 Nxe6 34. Be5+ Kh7 35.
Rf2 Rf8 36. Nxd5 Bc6 37. Ne3 Be4 38. Qa4 Rd8 39. Qxa7 Rd7 40. Qa4 Nc7 41. Qxc4
Nd5 42. Ra8 Rb6 43. Rh8+ Kg6 44. Nf1 Qe6 45. Qc8 Rb1 46. Qf8 Kh5 47. Bg7 Rxg7
48. Qxg7 Ne3 49. Qg5# 1-0

[Event "Chigorin Memorial 2008"]
[Site "St. Petersburg RUS"]
[Date "2008.10.04"]
[Round "1.48"]
[White "Karataev, Oleg"]
[Black "Biriukov, Oleg V"]
[Result "0-1"]
[WhiteElo "1965"]
[BlackElo "2374"]
[PlyCount "86"]
[EventDate "2008.10.03"]
[EventType "swiss"]
[EventRounds "9"]
[EventCountry "RUS"]
[Source "lmi"]
[SourceDate "2008.10.03"]

1. e4 c5 2. d3 Nc6 3. g3 d5 4. Nd2 Nf6 5. Bg2 e5 6. Ngf3 Be7 7. O-O d4 8. Nc4
Nd7 9. a4 h5 10. h4 f6 11. Nh2 Nb6 12. b3 Be6 13. Qe2 g5 14. hxg5 fxg5 15. f4
g4 16. f5 Bxc4 17. bxc4 Nd7 18. Rb1 b6 19. Bd2 a5 20. Rbe1 Bf6 21. Qd1 Qc7 22.
c3 O-O-O 23. Qb3 Ndb8 24. Rd1 Rd6 25. Rfe1 Rhd8 26. Bf1 Na6 27. Be2 Kb7 28. Nf1
Ka7 29. Kf2 Qg7 30. Rb1 Ncb8 31. Nh2 Bg5 32. Qd1 Qh6 33. Bxg5 Qxg5 34. Qc1 Qg7
35. Kg2 dxc3 36. Qxc3 Nb4 37. Red1 Qg5 38. Qxe5 N8c6 39. Qc3 Qe3 40. Qd2 Qxe4+
41. dxe4 Rxd2 42. Rxd2 Rxd2 43. Kf1 Nd4 0-1

[Event "Chigorin Memorial 2008"]
[Site "St. Petersburg RUS"]
[Date "2008.10.04"]
[Round "1.49"]
[White "Kirusha, Andrey"]
[Black "Sarkisov, Vladimir"]
[Result "1-0"]
[WhiteElo "2373"]
[BlackElo "1964"]
[PlyCount "43"]
[EventDate "2008.10.03"]
[EventType "swiss"]
[EventRounds "9"]
[EventCountry "RUS"]
[Source "lmi"]
[SourceDate "2008.10.03"]

1. Nf3 d5 2. d4 Nf6 3. c4 dxc4 4. e3 Bg4 5. Bxc4 e6 6. Nc3 Nbd7 7. O-O Bd6 8.
h3 Bh5 9. Be2 O-O 10. e4 e5 11. Nxe5 Bxe2 12. Qxe2 Nxe5 13. dxe5 Bxe5 14. Bg5
Qd4 15. Rad1 Qc5 16. Nd5 Kh8 17. Bxf6 gxf6 18. b4 Qc6 19. f4 Bd6 20. Rc1 Qd7
21. Nxf6 Qe6 22. Qb2 1-0

[Event "Chigorin Memorial 2008"]
[Site "St. Petersburg RUS"]
[Date "2008.10.04"]
[Round "1.50"]
[White "Frakin, Nikolay"]
[Black "Demina, Julia"]
[Result "0-1"]
[WhiteElo "1953"]
[BlackElo "2357"]
[PlyCount "56"]
[EventDate "2008.10.03"]
[EventType "swiss"]
[EventRounds "9"]
[EventCountry "RUS"]
[Source "lmi"]
[SourceDate "2008.10.03"]

1. e4 c5 2. Nc3 a6 3. f4 Nc6 4. Nf3 g6 5. g3 Bg7 6. Bg2 d6 7. d3 e6 8. Bd2 Nge7
9. Rb1 O-O 10. O-O Rb8 11. Ne2 b5 12. c3 b4 13. Qc2 Bd7 14. Be3 Qa5 15. Ra1
Rfc8 16. Nd2 Nd4 17. Bxd4 cxd4 18. c4 d5 19. b3 dxe4 20. Bxe4 Nf5 21. Bxf5 exf5
22. Nf3 Bc6 23. Kf2 Re8 24. Rae1 Qc5 25. Qd2 Re3 26. Neg1 Rbe8 27. Nh4 Bb7 28.
Ng2 Qc6 0-1

[Event "Chigorin Memorial 2008"]
[Site "St. Petersburg RUS"]
[Date "2008.10.04"]
[Round "1.51"]
[White "Shchukin, Dmitry"]
[Black "Stroganov, Anatoly"]
[Result "1-0"]
[WhiteElo "2357"]
[BlackElo "1953"]
[PlyCount "65"]
[EventDate "2008.10.03"]
[EventType "swiss"]
[EventRounds "9"]
[EventCountry "RUS"]
[Source "lmi"]
[SourceDate "2008.10.03"]

1. e4 d6 2. d4 Nf6 3. Nc3 g6 4. Bg5 Nbd7 5. Qd2 c6 6. f4 b5 7. a3 a6 8. e5 Ng8
9. exd6 f6 10. dxe7 Nxe7 11. Bh4 Nf5 12. Bf2 Nb6 13. Nf3 Be6 14. Bd3 Kf7 15.
Ne4 Bc4 16. O-O Bxd3 17. Qxd3 Qc7 18. g4 Nd6 19. Bg3 Nxe4 20. Qxe4 Kg7 21. f5
Bd6 22. g5 Rae8 23. gxf6+ Kxf6 24. Be5+ Bxe5 25. dxe5+ Ke7 26. f6+ Kd8 27. e6
Kc8 28. Rae1 Nd5 29. f7 Re7 30. Ng5 Rf8 31. Nxh7 Qd8 32. Nxf8 Qxf8 33. Qxg6 1-0

[Event "Chigorin Memorial 2008"]
[Site "St. Petersburg RUS"]
[Date "2008.10.04"]
[Round "1.52"]
[White "Kluchik, Julia"]
[Black "Goganov, Aleksey"]
[Result "1/2-1/2"]
[WhiteElo "1951"]
[BlackElo "2356"]
[PlyCount "83"]
[EventDate "2008.10.03"]
[EventType "swiss"]
[EventRounds "9"]
[EventCountry "RUS"]
[Source "lmi"]
[SourceDate "2008.10.03"]

1. d4 d5 2. Nf3 Nf6 3. Bf4 e6 4. e3 c5 5. c3 Nc6 6. Bd3 Bd6 7. Ne5 Qc7 8. Qa4
Bd7 9. Nxd7 Nxd7 10. Bxd6 Qxd6 11. f4 O-O 12. O-O f6 13. Qd1 g6 14. Nd2 e5 15.
Qg4 Kg7 16. Bf5 Nb6 17. Nf3 e4 18. dxc5 Qxc5 19. Nd4 Nxd4 20. cxd4 Qb4 21. Rac1
Nc4 22. Be6 f5 23. Qe2 Nb6 24. Rc5 Rad8 25. g4 Kf6 26. gxf5 gxf5 27. Bxf5 Rg8+
28. Kh1 Kxf5 29. Qh5+ Kf6 30. Qe5+ Kf7 31. Rc7+ Rd7 32. Qf5+ Ke8 33. Qe6+ Kf8
34. Rxd7 Nxd7 35. Qxd7 Qc4 36. Qd8+ Kf7 37. Qd7+ Kf8 38. Qf5+ Ke8 39. Qe6+ Kf8
40. Qf6+ Ke8 41. Qe6+ Kf8 42. Qf6+ 1/2-1/2

[Event "Chigorin Memorial 2008"]
[Site "St. Petersburg RUS"]
[Date "2008.10.04"]
[Round "1.53"]
[White "Domogaev, Sergey"]
[Black "Balaian, Alina"]
[Result "1-0"]
[WhiteElo "2354"]
[BlackElo "1934"]
[PlyCount "72"]
[EventDate "2008.10.03"]
[EventType "swiss"]
[EventRounds "9"]
[EventCountry "RUS"]
[Source "lmi"]
[SourceDate "2008.10.03"]

1. d4 Nf6 2. c4 c5 3. d5 b5 4. cxb5 a6 5. b6 Qxb6 6. Nc3 g6 7. Nf3 d6 8. Nd2
Bg7 9. e4 Bd7 10. Bd3 O-O 11. O-O Bb5 12. Qb3 Nbd7 13. Nxb5 axb5 14. Bxb5 Rfb8
15. a4 Ne5 16. Ra3 Qc7 17. Qc2 e6 18. f4 Ned7 19. dxe6 fxe6 20. f5 exf5 21.
exf5 Ne5 22. fxg6 Nxg6 23. Raf3 Rf8 24. b4 Ne5 25. Rf5 Rac8 26. bxc5 dxc5 27.
Nc4 Nc6 28. Bxc6 Qxc6 29. Bb2 Ra8 30. a5 Ra6 31. Bc3 Qe6 32. Qd3 Qe4 33. Qxe4
Nxe4 34. Bxg7 Rxf5 35. Rxf5 Kxg7 36. Re5 Nd6 1-0

[Event "Chigorin Memorial 2008"]
[Site "St. Petersburg RUS"]
[Date "2008.10.04"]
[Round "1.54"]
[White "Efremova, Daria"]
[Black "Sudakova, Irina"]
[Result "0-1"]
[WhiteElo "1933"]
[BlackElo "2349"]
[PlyCount "76"]
[EventDate "2008.10.03"]
[EventType "swiss"]
[EventRounds "9"]
[EventCountry "RUS"]
[Source "lmi"]
[SourceDate "2008.10.03"]

1. e4 c5 2. Nf3 d6 3. d4 cxd4 4. Qxd4 a6 5. Be3 Nf6 6. Nc3 Nc6 7. Qd2 Ng4 8.
Bf4 e5 9. Bg5 f6 10. h3 fxg5 11. hxg4 Be7 12. Bc4 Bxg4 13. O-O-O Bxf3 14. gxf3
Nd4 15. Ne2 Bf6 16. Ng3 Qc7 17. Bd5 Nxf3 18. Qb4 Nd4 19. c3 O-O-O 20. Qxb7+
Qxb7 21. Bxb7+ Kxb7 22. cxd4 exd4 23. Nf5 d5 24. Nxd4 dxe4 25. Nb3 Rxd1+ 26.
Rxd1 Rd8 27. Rh1 Rc8+ 28. Kb1 h6 29. Re1 h5 30. Rxe4 h4 31. Re1 h3 32. Rh1 g4
33. f3 gxf3 34. Rxh3 f2 35. Rf3 Bh4 36. Nd2 g5 37. Ne4 g4 38. Rf4 g3 0-1

[Event "Chigorin Memorial 2008"]
[Site "St. Petersburg RUS"]
[Date "2008.10.04"]
[Round "1.55"]
[White "Malakhov, Igor"]
[Black "Fokin, Anatoly"]
[Result "1-0"]
[WhiteElo "2346"]
[BlackElo "1919"]
[PlyCount "57"]
[EventDate "2008.10.03"]
[EventType "swiss"]
[EventRounds "9"]
[EventCountry "RUS"]
[Source "lmi"]
[SourceDate "2008.10.03"]

1. e4 e5 2. Nf3 Nc6 3. Bc4 Be7 4. d4 d6 5. h3 Nf6 6. Nc3 O-O 7. O-O h6 8. Re1
exd4 9. Nxd4 Nxd4 10. Qxd4 Be6 11. Bxe6 fxe6 12. e5 Nh7 13. exd6 Bxd6 14. Qc4
Rf6 15. Rxe6 Kh8 16. Rxf6 Nxf6 17. Bf4 Bxf4 18. Qxf4 c6 19. Rd1 Qb6 20. b3 Rf8
21. Ne4 Nh7 22. Qg3 Qa6 23. Rd7 Rg8 24. Nd6 Nf8 25. Re7 Qa3 26. Qf4 Ng6 27.
Nf7+ Kh7 28. Qxh6+ gxh6 29. Ng5+ 1-0

[Event "Chigorin Memorial 2008"]
[Site "St. Petersburg RUS"]
[Date "2008.10.04"]
[Round "1.56"]
[White "Platonova, Lubov"]
[Black "Trushelov, Victor"]
[Result "0-1"]
[WhiteElo "1919"]
[BlackElo "2340"]
[PlyCount "92"]
[EventDate "2008.10.03"]
[EventType "swiss"]
[EventRounds "9"]
[EventCountry "RUS"]
[Source "lmi"]
[SourceDate "2008.10.03"]

1. c4 Nf6 2. Nc3 e6 3. d4 Bb4 4. Bd2 b6 5. Nf3 Bb7 6. e3 O-O 7. Bd3 d6 8. O-O
Nbd7 9. Re1 e5 10. e4 h6 11. d5 Bxc3 12. Bxc3 a5 13. Nd2 Nh7 14. Nf1 Nc5 15.
Bc2 Bc8 16. Ng3 g6 17. Qc1 Qh4 18. Bd2 Kg7 19. f4 exf4 20. Bxf4 f6 21. Ne2 Ng5
22. Nc3 Qg4 23. Bg3 Ba6 24. b3 Rae8 25. Bd1 Qd7 26. Bf3 Nd3 27. Qd2 Nxe1 28.
Rxe1 Nf7 29. Ne2 Ne5 30. Nd4 Bc8 31. Bf4 Rh8 32. Re3 Qe7 33. Bd1 h5 34. Bxe5
fxe5 35. Nc6 Qg5 36. b4 axb4 37. Nxb4 Rhf8 38. Qe1 Rf6 39. h4 Qh6 40. Rg3 Ref8
41. Rg5 Rf1+ 42. Qxf1 Rxf1+ 43. Kxf1 Kh7 44. Bf3 Qf8 45. Ke2 Qf4 46. g3 Qc1 0-1

[Event "Chigorin Memorial 2008"]
[Site "St. Petersburg RUS"]
[Date "2008.10.04"]
[Round "1.57"]
[White "Molchanova, Tatjana"]
[Black "Emdin, Mark"]
[Result "1-0"]
[WhiteElo "2337"]
[BlackElo "1862"]
[PlyCount "73"]
[EventDate "2008.10.03"]
[EventType "swiss"]
[EventRounds "9"]
[EventCountry "RUS"]
[Source "lmi"]
[SourceDate "2008.10.03"]

1. d4 d5 2. c4 e6 3. Nc3 Nf6 4. Bg5 Be7 5. e3 h6 6. Bh4 O-O 7. Rc1 b6 8. cxd5
Nxd5 9. Nxd5 exd5 10. Bxe7 Qxe7 11. Be2 Be6 12. Bf3 Rc8 13. Ne2 Nd7 14. O-O Nf6
15. Nf4 c5 16. dxc5 Rxc5 17. a3 Rac8 18. Rxc5 Qxc5 19. h3 Rc7 20. Qd3 Rd7 21.
Rd1 a5 22. Ne2 Qd6 23. Nc3 Qe5 24. Qd4 Qb8 25. Qf4 Qd8 26. Rd4 Kh8 27. Qe5 Kh7
28. g4 Kg8 29. h4 Ne4 30. Bxe4 dxe4 31. g5 hxg5 32. hxg5 Qe7 33. Nxe4 Rc7 34.
Qd6 Rc1+ 35. Kh2 Qb7 36. Nf6+ gxf6 37. Qd8+ 1-0

[Event "Chigorin Memorial 2008"]
[Site "St. Petersburg RUS"]
[Date "2008.10.04"]
[Round "1.58"]
[White "Grechishkin, Vitaly"]
[Black "Kaganskiy, Gleb"]
[Result "0-1"]
[WhiteElo "1861"]
[BlackElo "2330"]
[PlyCount "50"]
[EventDate "2008.10.03"]
[EventType "swiss"]
[EventRounds "9"]
[EventCountry "RUS"]
[Source "lmi"]
[SourceDate "2008.10.03"]

1. Nf3 d5 2. d4 Nf6 3. h3 c5 4. c3 Nc6 5. e3 e6 6. Nbd2 Qc7 7. Bd3 Bd6 8. dxc5
Bxc5 9. O-O O-O 10. e4 h6 11. b4 Bb6 12. a4 a6 13. Bb2 Rd8 14. Qe2 Nh5 15. exd5
exd5 16. Rae1 Bxh3 17. Nd4 Nf4 18. Qf3 Bxg2 19. Qg4 Bxd4 20. cxd4 Nxd3 21. Kxg2
Rd6 22. Qh4 Nxb2 23. Re3 Nc4 24. Rg3 Nxd2 25. Qf4 Nxf1 0-1

[Event "Chigorin Memorial 2008"]
[Site "St. Petersburg RUS"]
[Date "2008.10.04"]
[Round "1.59"]
[White "Barhudarian, Rafael"]
[Black "Babaev, David"]
[Result "1-0"]
[WhiteElo "2327"]
[BlackElo "1842"]
[PlyCount "55"]
[EventDate "2008.10.03"]
[EventType "swiss"]
[EventRounds "9"]
[EventCountry "RUS"]
[Source "lmi"]
[SourceDate "2008.10.03"]

1. e4 e6 2. d4 d5 3. Nc3 Bb4 4. Nge2 dxe4 5. a3 Bxc3+ 6. Nxc3 f5 7. f3 exf3 8.
Qxf3 Nf6 9. Bf4 c6 10. O-O-O O-O 11. Bc4 Nd5 12. Rhe1 Re8 13. g4 fxg4 14. Qxg4
Nxc3 15. bxc3 Qe7 16. Rg1 Qxa3+ 17. Kb1 Qe7 18. Bd6 Qd7 19. Be5 g6 20. Bd3 Qf7
21. Rdf1 Nd7 22. Rxf7 Nxe5 23. dxe5 Kxf7 24. Bxg6+ hxg6 25. Qxg6+ Ke7 26. Qg7+
Kd8 27. Rd1+ Bd7 28. Qxd7# 1-0

[Event "Chigorin Memorial 2008"]
[Site "St. Petersburg RUS"]
[Date "2008.10.04"]
[Round "1.60"]
[White "De Luna Butz, Albert"]
[Black "Pogosian, Vladimir"]
[Result "0-1"]
[WhiteElo "1830"]
[BlackElo "2320"]
[PlyCount "70"]
[EventDate "2008.10.03"]
[EventType "swiss"]
[EventRounds "9"]
[EventCountry "RUS"]
[Source "lmi"]
[SourceDate "2008.10.03"]

1. e4 d6 2. d4 Nd7 3. Nf3 c6 4. Nc3 e5 5. Bc4 Be7 6. O-O Ngf6 7. Bg5 O-O 8. h3
Qa5 9. dxe5 Nxe5 10. Nxe5 dxe5 11. Qf3 b5 12. Bd3 Be6 13. a3 Rfd8 14. Rfd1 Qc7
15. Ne2 a6 16. Ng3 h6 17. Be3 c5 18. Nf5 Bxf5 19. Qxf5 c4 20. Be2 Nh7 21. Rd5
Rxd5 22. exd5 Rd8 23. Rd1 Nf6 24. Bf3 g6 25. d6 Rxd6 26. Rxd6 gxf5 27. Rxa6 f4
28. Bb6 Qd6 29. Ra8+ Kg7 30. Ba5 e4 31. Be2 Qd5 32. Ra7 Bc5 33. Rc7 Bd6 34. Rc8
f3 35. Bf1 Qe5 0-1

[Event "Chigorin Memorial 2008"]
[Site "St. Petersburg RUS"]
[Date "2008.10.04"]
[Round "1.61"]
[White "Fedoseev, Vladimir"]
[Black "Fedoseeva, Valentina"]
[Result "1-0"]
[WhiteElo "2312"]
[BlackElo "1756"]
[PlyCount "29"]
[EventDate "2008.10.03"]
[EventType "swiss"]
[EventRounds "9"]
[EventCountry "RUS"]
[Source "lmi"]
[SourceDate "2008.10.03"]

1. a3 a6 2. b4 b5 3. Bb2 Bb7 4. Nf3 d6 5. e3 e5 6. c4 Nf6 7. cxb5 axb5 8. Bxb5+
c6 9. Be2 Be7 10. d4 exd4 11. Nxd4 O-O 12. O-O Nbd7 13. Bf3 Ne5 14. Nf5 Qd7 15.
Bxe5 1-0

[Event "Chigorin Memorial 2008"]
[Site "St. Petersburg RUS"]
[Date "2008.10.04"]
[Round "1.62"]
[White "Kosov, Igor"]
[Black "Kurilov, Viktor"]
[Result "0-1"]
[WhiteElo "1746"]
[BlackElo "2312"]
[PlyCount "36"]
[EventDate "2008.10.03"]
[EventType "swiss"]
[EventRounds "9"]
[EventCountry "RUS"]
[Source "lmi"]
[SourceDate "2008.10.03"]

1. d4 d5 2. c4 e6 3. Nc3 Nf6 4. Bg5 Nbd7 5. Nf3 c6 6. e3 Qa5 7. Bxf6 Nxf6 8.
cxd5 exd5 9. Bd3 Bd6 10. O-O Bg4 11. h3 Bh5 12. a3 O-O 13. b4 Qd8 14. b5 Qa5
15. Qb3 Bxf3 16. gxf3 Qc7 17. f4 Qe7 18. bxc6 bxc6 0-1

[Event "Chigorin Memorial 2008"]
[Site "St. Petersburg RUS"]
[Date "2008.10.04"]
[Round "1.68"]
[White "Guzenko, Artem"]
[Black "Palchun, Grigory"]
[Result "1-0"]
[WhiteElo "2121"]
[BlackElo "2129"]
[PlyCount "95"]
[EventDate "2008.10.03"]
[EventType "swiss"]
[EventRounds "9"]
[EventCountry "RUS"]
[Source "lmi"]
[SourceDate "2008.10.03"]

1. e4 c5 2. Nf3 a6 3. b4 b6 4. bxc5 bxc5 5. Bc4 e6 6. Qe2 Be7 7. Nc3 Nc6 8. Rb1
Qc7 9. O-O d6 10. d3 Bf6 11. Na4 Rb8 12. Bg5 Nd4 13. Nxd4 Bxd4 14. c3 Bf6 15.
Bxf6 Nxf6 16. e5 Rxb1 17. Rxb1 dxe5 18. Qb2 Nd7 19. Nb6 O-O 20. Nxd7 Bxd7 21.
Bxa6 Bc6 22. Qb6 Qd6 23. Bc4 Rd8 24. a4 g6 25. a5 e4 26. dxe4 Bxe4 27. Qxd6
Rxd6 28. Ra1 Rd7 29. a6 Ra7 30. Ra5 Bd5 31. Be2 c4 32. f4 Kf8 33. Kf2 Ke7 34.
Ke3 Kd6 35. Kd4 Bxg2 36. Bxc4 Bc6 37. Ra1 Bf3 38. Bf1 f6 39. Ra5 Bd5 40. c4 e5+
41. fxe5+ fxe5+ 42. Ke3 Bc6 43. c5+ Ke6 44. Bh3+ Ke7 45. Bf1 g5 46. Ra2 Ke6 47.
Rd2 Rd7 48. Bh3+ 1-0

[Event "Chigorin Memorial 2008"]
[Site "St. Petersburg RUS"]
[Date "2008.10.05"]
[Round "2.2"]
[White "Amonatov, Farrukh"]
[Black "Kotenko, Pavel"]
[Result "1/2-1/2"]
[WhiteElo "2634"]
[BlackElo "2402"]
[PlyCount "116"]
[EventDate "2008.10.03"]
[EventType "swiss"]
[EventRounds "9"]
[EventCountry "RUS"]
[Source "lmi"]
[SourceDate "2008.10.03"]

1. e4 e5 2. Nf3 Nc6 3. Bb5 a6 4. Ba4 Nf6 5. O-O Nxe4 6. d4 b5 7. Bb3 d5 8. dxe5
Be6 9. c3 Be7 10. Re1 Nc5 11. Nbd2 d4 12. Bxe6 Nxe6 13. cxd4 Ncxd4 14. Ne4 O-O
15. Be3 c5 16. Bxd4 cxd4 17. Qb3 Qd7 18. Red1 Rfd8 19. Ne1 Rac8 20. Nd3 Rc4 21.
f4 Nc7 22. Rdc1 Qf5 23. Ng3 Qe6 24. Qd1 Nd5 25. Qf3 Ne3 26. f5 Qd5 27. Qxd5
Rxd5 28. Kf2 Bg5 29. Kf3 Nc2 30. Rxc2 Rxc2 31. Nb4 Rdc5 32. Nxc2 Rxc2 33. Rd1
Be3 34. Ne2 Rxb2 35. Nxd4 Bxd4 36. Rxd4 Kf8 37. a4 Ke7 38. axb5 Rxb5 39. Ke4
Rb2 40. g4 Rxh2 41. Rb4 Re2+ 42. Kf4 Rf2+ 43. Ke3 Rg2 44. Rb7+ Ke8 45. Kf3 Rg1
46. Rb8+ Ke7 47. Rb7+ Ke8 48. Ra7 Rf1+ 49. Ke4 Re1+ 50. Kf4 Rf1+ 51. Kg3 Rg1+
52. Kf4 Rf1+ 53. Kg5 h6+ 54. Kh4 Rh1+ 55. Kg3 Rg1+ 56. Kf3 Rf1+ 57. Ke4 Re1+
58. Kf4 Rf1+ 1/2-1/2

[Event "Chigorin Memorial 2008"]
[Site "St. Petersburg RUS"]
[Date "2008.10.05"]
[Round "2.3"]
[White "Gorbatov, Aleksej"]
[Black "Burmakin, Vladimir"]
[Result "1/2-1/2"]
[WhiteElo "2421"]
[BlackElo "2625"]
[PlyCount "95"]
[EventDate "2008.10.03"]
[EventType "swiss"]
[EventRounds "9"]
[EventCountry "RUS"]
[Source "lmi"]
[SourceDate "2008.10.03"]

1. d4 d5 2. c4 e6 3. Nf3 Nf6 4. Nc3 Be7 5. cxd5 exd5 6. Bg5 c6 7. Qc2 g6 8. e3
Bf5 9. Bd3 Bxd3 10. Qxd3 Nbd7 11. h3 O-O 12. Bh6 Re8 13. O-O Bd6 14. Nd2 Qe7
15. Bg5 Qe6 16. Bxf6 Nxf6 17. Rfe1 Rad8 18. Rab1 Qe7 19. a3 Bb8 20. b4 Ne4 21.
Ncxe4 dxe4 22. Qb3 Rd5 23. Rb2 Bd6 24. Nc4 Bc7 25. Rc2 Qe6 26. Nd2 Bd6 27. Rb1
f5 28. Qc4 f4 29. exf4 Bxf4 30. Re1 e3 31. fxe3 Bxe3+ 32. Kh1 Qf7 33. Nf3 Bf4
34. Rxe8+ Qxe8 35. b5 Kg7 36. bxc6 Qxc6 37. Qxc6 bxc6 38. a4 Rd6 39. Rc4 g5 40.
Kg1 Kf6 41. Kf2 Re6 42. Rc3 h5 43. g3 Bd6 44. g4 hxg4 45. hxg4 Bf4 46. Rb3 Re7
47. Rc3 Re6 48. Rb3 1/2-1/2